000 00906nab a2200265 u 4500
001 11235
003 HDC
007 cr bn ---aaaaa
008 210206c9999 |r|noo 0 a eng d
040 _aHDC
100 _aMahmood Rafique
_911510
245 0 _aOver $134b Sukuk market in spotlight at WEIF 2014
260 _a[no place] :
_b[publisher not identified],
_c[no year]
336 _atext
_2rdacontent
337 _acomputer
_2rdamedia
338 _aonline resource
_2rdacarrier
650 _aglobal financial market.
_911512
650 _aSukuk industry
_911511
650 _aWorld Islamic Economic Forum (WEIF)
_911513
710 _aTwenty Four Seven News
856 _zRequest full-text at [email protected]
942 _2lcc
942 _cNEWS
942 _kNWSO 001283
999 _c8558
_d8558